| 000 | 00726nam a22002057a 4500 | ||
|---|---|---|---|
| 999 |
_c16679 _d16679 |
||
| 003 | AR-CdUCM | ||
| 008 | 190504b ||||| |||| 00| 0 spa d | ||
| 040 |
_aMUNICIPALIDAD PROVINCIAL DEL CUSCO _cBIBLIOTECA MUNICIPAL DEL CUSCO |
||
| 082 |
_aC / 808.861 / _bD99 |
||
| 100 |
_aArrospide Dueñas, Cesar _936259 |
||
| 245 | _aFiguras pintorescas del Cuzco Antiguo / | ||
| 260 |
_aCuzco : _bLorenzo, _c1978. |
||
| 300 |
_a104 páginas ; _c16 cm. |
||
| 505 | _aContenido : El reloj del general Agustín Gamarra -- La vieja del bofetón -- La recogida del monasterio de Nazarenas ... | ||
| 650 |
_aLiteratura _983 |
||
| 650 |
_aCusqueña _928622 |
||
| 650 |
_aCostumbres _9230 |
||
| 942 |
_2ddc _cLIBROS |
||
| 945 |
_arah _d04/05/2019 |
||